| 000 | 01350 a2200409 4500 | ||
|---|---|---|---|
| 001 | 52614 | ||
| 003 | ES-MaCES | ||
| 005 | 20250203134106.0 | ||
| 008 | 221219s2019 sp ||||| |||||||||||spa|d | ||
| 017 |
_aM 18197-2019 _bDL |
||
| 020 | _a9788490977125 | ||
| 040 |
_aES-MaCES _bspa _cES-MaCES |
||
| 100 | 1 |
_aSordo, Unai _939411 |
|
| 245 | 1 | 4 |
_a¿Un futuro sin sindicatos? _cUnai Sordo ; introducción y ep. de Bruno Estrada |
| 260 |
_aMadrid _bLos libros de la catarata _bFundación 1º de Mayo _c[2019] |
||
| 300 |
_a108 p. _c22 cm |
||
| 500 | _aEn el lomo: 732 | ||
| 541 | _cCompra | ||
| 650 | 4 |
_928377 _asindicato |
|
| 650 | 4 |
_929453 _asindicalismo |
|
| 650 | 7 |
_928369 _arelaciones laborales |
|
| 650 | 4 |
_928362 _anegociación colectiva |
|
| 650 | 7 |
_930653 _aglobalización económica |
|
| 650 | 7 |
_929223 _anuevo orden económico internacional |
|
| 650 | 7 |
_930166 _ainteligencia artificial |
|
| 650 | 7 |
_928236 _acambio tecnológico |
|
| 650 | 7 |
_927286 _acambio social |
|
| 650 | 7 |
_930756 _afuturo del trabajo |
|
| 650 | 7 |
_930660 _apapel del sindicato |
|
| 650 | 7 |
_930609 _anorma internacional del trabajo |
|
| 650 | 7 |
_926964 _aEspaña |
|
| 653 | 1 | 0 | _aRelaciones laborales-Empleo |
| 700 | 1 |
_911498 _aEstrada López, Bruno _ecol. |
|
| 710 | 2 |
_93735 _aFundación 1º de Mayo _eed. |
|
| 902 | _aLIB Libro | ||
| 942 |
_2CES _cBK _h2.0. |
||
| 999 |
_c52614 _d52614 |
||